Southville International School and Colleges
Your cart is empty.
  • Cart
  • Lists
    Public lists Eva Luna New books Lux_list list_1
    Your lists Log in to create your own lists
  • Log in to your account
  • Your cookies
  • Search history
Southville International School and Colleges
  • Advanced search
  • Recent comments
  • Most popular
  • Libraries

Log in to your account

Log in with GOOGLE


If you do not have an external account, but do have a local account, you can still log in:

  1. Home
  2. MARC view: Choosing sides /
Normal view MARC view ISBD view

Choosing sides / (Record no. 10813)

[ view plain ]
MARC details
000 -LEADER
fixed length control field 01151cam a22003493a 4500
001 - CONTROL NUMBER
control field 16404837
003 - CONTROL NUMBER IDENTIFIER
control field OSt
005 - DATE AND TIME OF LATEST TRANSACTION
control field 20140310182226.0
008 - FIXED-LENGTH DATA ELEMENTS--GENERAL INFORMATION
fixed length control field 861202s1986 onc 000 0 eng d
010 ## - LIBRARY OF CONGRESS CONTROL NUMBER
LC control number 98816839
020 ## - INTERNATIONAL STANDARD BOOK NUMBER
International Standard Book Number 0553154591
035 ## - SYSTEM CONTROL NUMBER
System control number (OCoLC)ocm14914271
040 ## - CATALOGING SOURCE
Original cataloging agency IFG
Transcribing agency IFG
Modifying agency DVA
-- CMI
-- OCLCQ
-- MUS
-- DLC
050 00 - LIBRARY OF CONGRESS CALL NUMBER
Classification number PZ 7
Item number .Su968s4 1987
082 ## - DEWEY DECIMAL CLASSIFICATION NUMBER
Classification number FIC
Item number Su9sv #4
100 ## - MAIN ENTRY--PERSONAL NAME
Personal name Suzanne, Jamie.
9 (RLIN) 4455
245 10 - TITLE STATEMENT
Title Choosing sides /
Statement of responsibility, etc written by Jamie Suzanne ; created by Francine Pascal.
260 ## - PUBLICATION, DISTRIBUTION, ETC. (IMPRINT)
Place of publication, distribution, etc Toronto ;
-- New York :
Name of publisher, distributor, etc Bantam Books,
Date of publication, distribution, etc c1986.
300 ## - PHYSICAL DESCRIPTION
Extent 104 p. ;
Dimensions 20 cm.
490 1# - SERIES STATEMENT
Series statement Sweet Valley Twins ;
Volume number/sequential designation 4
650 #0 - SUBJECT ADDED ENTRY--TOPICAL TERM
Topical term or geographic name as entry element Twins
Form subdivision Juvenile fiction.
9 (RLIN) 17802
650 #0 - SUBJECT ADDED ENTRY--TOPICAL TERM
Topical term or geographic name as entry element Friendship
Form subdivision Juvenile fiction.
9 (RLIN) 17803
650 #0 - SUBJECT ADDED ENTRY--TOPICAL TERM
Topical term or geographic name as entry element Twins
Form subdivision Fiction.
9 (RLIN) 17804
650 #0 - SUBJECT ADDED ENTRY--TOPICAL TERM
Topical term or geographic name as entry element Friendship
Form subdivision Fiction.
9 (RLIN) 17805
655 #7 - INDEX TERM--GENRE/FORM
Genre/form data or focus term Young adult fiction.
Source of term lcsh
9 (RLIN) 3735
700 1# - ADDED ENTRY--PERSONAL NAME
Personal name Pascal, Francine.
9 (RLIN) 3767
710 2# - ADDED ENTRY--CORPORATE NAME
Corporate name or jurisdiction name as entry element Copyright Paperback Collection (Library of Congress)
Institution to which field applies DLC
9 (RLIN) 705
830 #0 - SERIES ADDED ENTRY--UNIFORM TITLE
Uniform title Sweet Valley twins ;
Volume number/sequential designation 4.
9 (RLIN) 17806
906 ## - LOCAL DATA ELEMENT F, LDF (RLIN)
a 7
b cbc
c copycat
d 2
e ncip
f 19
g y-genrareb
942 ## - ADDED ENTRY ELEMENTS (KOHA)
Source of classification or shelving scheme Library of Congress Classification
Koha item type
Holdings
Withdrawn status Lost status Source of classification or shelving scheme Damaged status Home library Current library Shelving location Date acquired Total Checkouts Full call number Barcode Date last seen Copy number Price effective from Koha item type
    Library of Congress Classification   Luxembourg Library Luxembourg Library Fiction Section 09/10/2013   PZ 7 .Su968s4 1987 10279 09/10/2013 1 09/10/2013 Books

Choosing sides /

APA

Suzanne J., Pascal F. & Copyright Paperback Collection (Library of Congress). (1986). Choosing sides. Toronto: Bantam Books.

Chicago

Suzanne Jamie, Pascal Francine and Copyright Paperback Collection (Library of Congress). 1986. Choosing sides. Toronto: Bantam Books.

Harvard

Suzanne J., Pascal F. and Copyright Paperback Collection (Library of Congress). (1986). Choosing sides. Toronto: Bantam Books.

MLA

Suzanne Jamie, Pascal Francine and Copyright Paperback Collection (Library of Congress). Choosing sides. Toronto: Bantam Books. 1986.

  • Place hold
  • Print
  • Cite
  • Add to your cart (remove)
  • Save record
    BIBTEX Dublin Core MARCXML MARC (non-Unicode/MARC-8) MARC (Unicode/UTF-8) MARC (Unicode/UTF-8, Standard) MODS (XML) RIS
  • More searches
    Search for this title in:
    Other Libraries (WorldCat) Other Databases (Google Scholar) Online Stores (Bookfinder.com) Open Library (openlibrary.org)

Exporting to Dublin Core...

SOUTHVILLE LIBRARY

Southville International School and Colleges Library

1281 Tropical Ave. Cor. Luxembourg St., BF Homes International, Las Pinas City

Tel. No. 8256374 / 252358 Loc. 117/146

Powered by Koha